Sports Quiz

Random Sports or Popular Quiz

Most Followed Sports Per Country Quiz Stats

Quiz not verified by Sporcle

Also try: NBA Closest Team
Challenge
Share
Tweet
*Based on the sports websites that internet users from each country browse the most and not necessarily the sports that people play.
Score 0/225 Timer 08:00
0 Plays Today
% Correct
Football (Soccer)
99.9%
Football (Soccer)
99.9%
Football (Soccer)
99.9%
Football (Soccer)
99.9%
Football (Soccer)
99.9%
Football (Soccer)
99.9%
Football (Soccer)
99.9%
Football (Soccer)
99.9%
Football (Soccer)
99.9%
Football (Soccer)
99.9%
Football (Soccer)
99.9%
Football (Soccer)
99.9%
Football (Soccer)
99.9%
Football (Soccer)
99.9%
Football (Soccer)
99.9%
Football (Soccer)
99.9%
Football (Soccer)
99.9%
Football (Soccer)
99.9%
Football (Soccer)
99.9%
Football (Soccer)
99.9%
Football (Soccer)
99.9%
Football (Soccer)
99.9%
Football (Soccer)
99.9%
Football (Soccer)
99.9%
Football (Soccer)
99.9%
Football (Soccer)
99.9%
Football (Soccer)
99.9%
Football (Soccer)
99.9%
Football (Soccer)
99.9%
Football (Soccer)
99.9%
Football (Soccer)
99.9%
Football (Soccer)
99.9%
Football (Soccer)
99.9%
Football (Soccer)
99.9%
Football (Soccer)
99.9%
Football (Soccer)
99.9%
Football (Soccer)
99.9%
Football (Soccer)
99.9%
Football (Soccer)
99.9%
Football
97.9%
Football
97.9%
Football
97.9%
Football
97.9%
Football
97.9%
Football
97.9%
Football
97.9%
Basketball
96.5%
Basketball
96.5%
Basketball
96.5%
Basketball
96.5%
Basketball
96.5%
Basketball
96.5%
Basketball
96.5%
Basketball
96.5%
Basketball
96.5%
Basketball
96.5%
Basketball
96.5%
Basketball
96.5%
Basketball
96.5%
Basketball
96.5%
Basketball
96.5%
Basketball
96.5%
Basketball
96.5%
Basketball
96.5%
Basketball
96.5%
Basketball
96.5%
Basketball
96.5%
Basketball
96.5%
Basketball
96.5%
Basketball
96.5%
Baseball
94.7%
Baseball
94.7%
Baseball
94.7%
Baseball
94.7%
Baseball
94.7%
% Correct
Baseball
94.7%
Baseball
94.7%
Baseball
94.7%
Ice Hockey
93.7%
Ice Hockey
93.7%
Ice Hockey
93.7%
Ice Hockey
93.7%
Ice Hockey
93.7%
Ice Hockey
93.7%
Ice Hockey
93.7%
Ice Hockey
93.7%
Ice Hockey
93.7%
Ice Hockey
93.7%
Football
92.7%
Football
92.7%
Football
92.7%
Cricket
89.3%
Cricket
89.3%
Cricket
89.3%
Cricket
89.3%
Cricket
89.3%
Water Sports
86.7%
Water Sports
86.7%
Water Sports
86.7%
Water Sports
86.7%
Water Sports
86.7%
Water Sports
86.7%
Water Sports
86.7%
Tennis
81.4%
Tennis
81.4%
Tennis
81.4%
Tennis
81.4%
Tennis
81.4%
Tennis
81.4%
Tennis
81.4%
Tennis
81.4%
Tennis
81.4%
Tennis
81.4%
Tennis
81.4%
Tennis
81.4%
Tennis
81.4%
Tennis
81.4%
Tennis
81.4%
Tennis
81.4%
Tennis
81.4%
Tennis
81.4%
Tennis
81.4%
Tennis
81.4%
Running
80.8%
Running
80.8%
Running
80.8%
Volleyball
67.5%
Volleyball
67.5%
Volleyball
67.5%
Volleyball
67.5%
Wrestling
60.5%
Wrestling
60.5%
Wrestling
60.5%
Wrestling
60.5%
Wrestling
60.5%
Wrestling
60.5%
Wrestling
60.5%
Wrestling
60.5%
Wrestling
60.5%
Wrestling
60.5%
Wrestling
60.5%
Wrestling
60.5%
Wrestling
60.5%
Wrestling
60.5%
Wrestling
60.5%
Wrestling
60.5%
Wrestling
60.5%
Wrestling
60.5%
Golf
59.1%
Golf
59.1%
% Correct
Golf
59.1%
Golf
59.1%
Golf
59.1%
Golf
59.1%
Boxing
57.9%
Boxing
57.9%
Boxing
57.9%
Boxing
57.9%
Boxing
57.9%
Boxing
57.9%
Boxing
57.9%
Team Handball
56.3%
Team Handball
56.3%
Motorsports
56.2%
Motorsports
56.2%
Motorsports
56.2%
Motorsports
56.2%
Motorsports
56.2%
Motorsports
56.2%
Motorsports
56.2%
Motorsports
56.2%
Motorsports
56.2%
Motorsports
56.2%
Motorsports
56.2%
Motorsports
56.2%
Motorsports
56.2%
Motorsports
56.2%
Motorsports
56.2%
Motorsports
56.2%
Motorsports
56.2%
Motorsports
56.2%
Motorsports
56.1%
Motorsports
56.1%
Motorsports
56.1%
Motorsports
56.1%
Motorsports
56.1%
Motorsports
56.1%
Motorsports
53.9%
Table Tennis
53.6%
Cycling
50%
Cycling
50%
Cycling
50%
Cycling
50%
Cycling
50%
Cycling
50%
Cycling
50%
Cycling
50%
Cycling
50%
Cycling
50%
Cycling
50%
Cycling
50%
Cycling
50%
Cycling
50%
Cycling
50%
Badminton
48.1%
Gymnastics
43.8%
Skating
42.3%
Skating
42.3%
Skating
42.3%
Martial Arts
40.9%
Martial Arts
40.9%
Martial Arts
40.9%
Martial Arts
40.9%
Martial Arts
40.9%
Martial Arts
40.9%
Martial Arts
40.9%
Martial Arts
40.9%
Martial Arts
40.9%
Martial Arts
40.9%
Martial Arts
40.9%
Lacrosse
37.4%
Cue Sports
17.3%
Skateboarding
13.6%
Skateboarding
13.6%
Skateboarding
13.6%

You're not logged in!

Compare scores with friends on all Sporcle quizzes.
Sign Up with Email
OR
Log In

You Might Also Like...

Show Comments

Extras

Top Quizzes Today


Score Distribution

Your Account Isn't Verified!

In order to create a playlist on Sporcle, you need to verify the email address you used during registration. Go to your Sporcle Settings to finish the process.